000 00266nam a22001217a 4500
008 170914b xxu||||| |||| 00| 0 eng d
041 _aeng
080 _27 ED
_a7
100 _a44
101 _aART
245 _a100 GREATEST TRIPS
_cMIRANDE.J
942 _2udc
_cBK
999 _c27696
_d27696